| 000 | 01397nam a2200349 c 4500 | ||
|---|---|---|---|
| 003 | BLK | ||
| 005 | 20230622005058.0 | ||
| 008 | 180411b bul|||||r ||||||| ||bul|| | ||
| 010 | _aKNG00188609000 | ||
| 040 | _aBLK | ||
| 041 |
_aBUL _cBUL |
||
| 072 | 7 |
_2bullib _aН83 _xЧужда художествена литература Н |
|
| 080 |
_aАмериканска литература (на САЩ) _b821.111(73) _x-31 _z821.111(73)-31 |
||
| 100 | 1 |
_aМичъл, Маргарет _eпърви автор _9259287 |
|
| 139 |
_aМичъл, Маргарет _bМ 76 |
||
| 245 | 1 | 0 |
_aОтнесени от вихъра _bКн. 1 - 2 _cМаргарет Мичъл; прев. от англ. Надя Димитрова Баева. _nКн. 2 |
| 257 | _aUSA | ||
| 260 |
_аСофия _bНар. култура _c1986 - |
||
| 300 | _c21 см | ||
| 380 | _aX | ||
| 500 | _aОриг. загл. Done With the Wind / Margaret Mitchell. - 101 125 тир. | ||
| 653 | _aромани | ||
| 659 | _aН | ||
| 700 |
_aБаева, Надя Димитрова _eпрев. от англ. _9383768 |
||
| 760 | 1 |
_aМичъл, Маргарет _d1986 _h623 с. _tКн. 2 |
|
| 852 | _aЦб 144666 | ||
| 856 | 4 |
_qpdf _u |
|
| 856 | 4 |
_qpdf _u |
|
| 942 |
_cKNG _n0 _02 |
||
| 944 |
_aCR _c22.06.2016 _lф / _kВиолета_Тройчева |
||
| 944 |
_aED _c20.07.2016 _lф / _kЛюдмила_Стоянова |
||
| 999 |
_c179804 _d179804 |
||